[Event "9th Lost Boys op"]
[Site "Amsterdam NED"]
[Date "2001.08.16"]
[Round "6"]
[White "Jonkman, Harmen"]
[Black "Bosboom-Lanchava, Tea"]
[Result "1-0"]
[WhiteElo "2468"]
[BlackElo "2345"]
[EventDate "2001.08.10"]
[PlyCount "93"]

1.e4 g6 2.d4 Bg7 3.Nc3 d6 4.f4 Nf6 5.Nf3 O-O 6.Bd3 Na6 7.O-O c5 8.d5 Bg4 
9.Bc4 Nd7 10.a4 Nb6 11.Be2 Nb4 12.Nb5 Qc8 13.c3 Na6 14.Be3 Nc7 15.Qd2 Nd7 
16.Nxc7 Qxc7 17.c4 a6 18.Rac1 Nf6 19.Bd3 Bxf3 20.gxf3 Nh5 21.b4 cxb4 22.
Qxb4 Bh6 23.Qd2 Qd7 24.a5 Qh3 25.Rb1 Rab8 26.Rb6 Kh8 27.Qg2 Qd7 28.Qb2+ f6
29.Qd2 Qh3 30.Qg2 Qd7 31.Qd2 Qh3 32.Rf2 Rg8 33.Bf1 Qh4 34.Rg2 f5 35.exf5 
gxf5 36.c5 Rxg2+ 37.Bxg2 Bxf4 38.Bxf4 Nxf4 39.Rb4 Nh3+ 40.Kf1 f4 41.c6 Ng5
42.Rxb7 Rc8 43.Qb2+ Kg8 44.Rb8 Rxb8 45.Qxb8+ Kf7 46.c7 Nh3 47.Qb2 1-0

[Event "9th Lost Boys op"]
[Site "Amsterdam NED"]
[Date "2001.08.16"]
[Round "6"]
[White "Happel, Hendrik"]
[Black "Arakhamia-Grant, Ketevan"]
[Result "0-1"]
[WhiteElo "2218"]
[BlackElo "2446"]
[EventDate "2001.08.10"]
[PlyCount "82"]

1.d4 Nf6 2.c4 g6 3.Nc3 Bg7 4.e4 d6 5.Nf3 O-O 6.Be2 Na6 7.O-O e5 8.d5 Nc5 
9.Qc2 a5 10.Bg5 h6 11.Be3 Nh5 12.g3 b6 13.Nd2 f5 14.exf5 Bxf5 15.Nde4 Nf6 
16.f3 Ncxe4 17.Nxe4 Bxe4 18.fxe4 Qd7 19.Kg2 h5 20.Rf2 h4 21.h3 hxg3 22.
Kxg3 Qe7 23.Raf1 Nh7 24.Rxf8+ Rxf8 25.Rxf8+ Qxf8 26.Bg4 Bh6 27.Qd2 Bxe3 
28.Qxe3 Qf1 29.b3 Kg7 30.Be2 Qe1+ 31.Qf2 Qxf2+ 32.Kxf2 Ng5 33.Bf1 Nxe4+ 
34.Ke3 Ng3 35.Bg2 Kf6 36.Kf3 Nf5 37.Bf1 e4+ 38.Kf2 Ke5 39.Bg2 Kf4 40.Bf1 
Nd4 41.Ke1 Kg3 0-1

[Event "9th Lost Boys op"]
[Site "Amsterdam NED"]
[Date "2001.08.16"]
[Round "6"]
[White "Ernst, Sipke"]
[Black "Bachofner, Andreas"]
[Result "1-0"]
[WhiteElo "2440"]
[BlackElo "2261"]
[EventDate "2001.08.10"]
[PlyCount "77"]

1.e4 e6 2.d4 d5 3.Bd3 dxe4 4.Bxe4 Nf6 5.Bf3 c5 6.Ne2 cxd4 7.Nxd4 Bc5 8.Nb3
Qxd1+ 9.Bxd1 Bb6 10.a4 a6 11.Na3 O-O 12.Nc4 Ba7 13.O-O Nc6 14.Bf3 Rd8 15.
Bf4 Nd5 16.Bg3 Nd4 17.Nxd4 Bxd4 18.Rad1 Bc5 19.b4 Ba7 20.b5 axb5 21.axb5 
Bc5 22.Rfe1 h6 23.Ne3 Bxe3 24.fxe3 Re8 25.Rd4 Nf6 26.Be5 Nd7 27.Bc7 Nf6 
28.Red1 Nd5 29.Bxd5 exd5 30.Rxd5 Be6 31.Rc5 Bg4 32.Rd3 g6 33.Kf2 Bf5 34.
Rd2 h5 35.b6 Ra3 36.Be5 Ra6 37.Bd4 Rc8 38.Rxc8+ Bxc8 39.Bf6 1-0

[Event "9th Lost Boys op"]
[Site "Amsterdam NED"]
[Date "2001.08.16"]
[Round "6"]
[White "Handke, Florian"]
[Black "Roobol, Martin"]
[Result "1-0"]
[WhiteElo "2384"]
[BlackElo "2261"]
[EventDate "2001.08.10"]
[PlyCount "61"]

1.e4 d6 2.d4 Nf6 3.Bd3 Nbd7 4.Nf3 e5 5.c3 g6 6.O-O Bg7 7.Re1 O-O 8.Nbd2 
Re8 9.b3 d5 10.dxe5 Nxe5 11.Nxe5 dxe4 12.Nxe4 Nxe4 13.Nxf7 Kxf7 14.Rxe4 
Rxe4 15.Qf3+ Kg8 16.Bxe4 c6 17.Bf4 Be6 18.Rd1 Qa5 19.Bxc6 Rf8 20.Bxb7 Qxa2
21.Bd5 Bxd5 22.Qxd5+ Kh8 23.Be3 Bxc3 24.Qc5 Bg7 25.Bd4 Kg8 26.Qxa7 Qxa7 
27.Bxa7 Ra8 28.Bc5 Kf7 29.b4 Ke6 30.g3 Ra2 31.Rd6+ 1-0

[Event "9th Lost Boys op"]
[Site "Amsterdam NED"]
[Date "2001.08.16"]
[Round "6"]
[White "Van Blitterswijk, Stefan"]
[Black "Sinz, Bernhard"]
[Result "1/2-1/2"]
[WhiteElo "2380"]
[BlackElo "2188"]
[EventDate "2001.08.10"]
[PlyCount "130"]

1.e4 e5 2.Nf3 Nc6 3.Bb5 a6 4.Ba4 Nf6 5.O-O Be7 6.Re1 b5 7.Bb3 O-O 8.a4 Bb7
9.d3 Re8 10.Nc3 b4 11.Nd5 Na5 12.Nxe7+ Qxe7 13.Ba2 d5 14.Bg5 h6 15.Bh4 Qd6
16.Bxf6 Qxf6 17.exd5 b3 18.Qd2 Bxd5 19.Qxa5 Bxf3 20.Bxb3 Qg6 21.g3 Qc6 22.
Re3 Rad8 23.Qc3 Qb7 24.Rae1 Bh1 25.f3 Bxf3 26.Bxf7+ Kxf7 27.Rf1 Kg8 28.
Rfxf3 e4 29.Qc4+ Kh8 30.dxe4 Qxb2 31.Rd3 Rxd3 32.cxd3 Qe2 33.Rf2 Qe3 34.
Kg2 Rd8 35.Qxa6 Rxd3 36.Qc8+ Kh7 37.Qf5+ Kh8 38.e5 Rd5 39.Qg6 Rd2 40.Rxd2 
Qxd2+ 41.Kh3 Qd7+ 42.Qg4 Qd3 43.Qf4 Qd5 44.Qe3 Qe6+ 45.g4 h5 46.Qf4 hxg4+ 
47.Kg3 c5 48.Qf8+ Kh7 49.Qxc5 Qb3+ 50.Kxg4 Qxa4+ 51.Kf5 Qe8 52.Qd6 Qh5+ 
53.Ke6 Qxh2 54.Kd7 Qh3+ 55.e6 Qf5 56.Ke8 Qh5+ 57.Kd8 Qa5+ 58.Qc7 Qa8+ 59.
Kd7 Qd5+ 60.Ke7 Qg5+ 61.Ke8 Qh5+ 62.Qf7 Qc5 63.Qf3 Qc8+ 64.Kf7 Qc7+ 65.Ke8
Qc8+ 1/2-1/2

[Event "9th Lost Boys op"]
[Site "Amsterdam NED"]
[Date "2001.08.16"]
[Round "6"]
[White "Blees, Albert"]
[Black "Riemens, Albert"]
[Result "1-0"]
[WhiteElo "2377"]
[BlackElo "2209"]
[EventDate "2001.08.10"]
[PlyCount "63"]

1.d4 Nf6 2.c4 c5 3.d5 e6 4.Nc3 exd5 5.cxd5 d6 6.Nf3 g6 7.Nd2 Nbd7 8.e4 a6 
9.a4 Bg7 10.Be2 O-O 11.O-O Re8 12.Qc2 Ne5 13.Ra3 h5 14.Nd1 Nh7 15.Ne3 Bd7 
16.h3 Qh4 17.f4 Ng4 18.hxg4 hxg4 19.e5 Rxe5 20.g3 Qxg3+ 21.Ng2 Re3 22.Rxe3
Bd4 23.Ne4 Qh3 24.Nf2 Bxe3 25.Bxe3 Qh5 26.Qe4 Re8 27.Bxg4 Rxe4 28.Bxh5 
Rxa4 29.Bg4 Bb5 30.Re1 Nf6 31.Bf3 Bd7 32.Bd2 1-0

[Event "9th Lost Boys op"]
[Site "Amsterdam NED"]
[Date "2001.08.16"]
[Round "6"]
[White "Nep, Ron"]
[Black "Peek, Marcel"]
[Result "1-0"]
[WhiteElo "2424"]
[BlackElo "2345"]
[EventDate "2001.08.10"]
[PlyCount "89"]

1.d4 d5 2.Nf3 Nc6 3.g3 Bg4 4.Bg2 Qd7 5.h3 Bf5 6.c3 f6 7.b4 a6 8.Bf4 e6 9.
Nbd2 Bd6 10.Bxd6 cxd6 11.Nh4 Nge7 12.Nxf5 Nxf5 13.O-O O-O 14.e4 dxe4 15.
Nxe4 Nd8 16.h4 Ne7 17.Qb3 f5 18.Ng5 h6 19.Nh3 Kh7 20.Rfe1 Qc7 21.Re3 e5 
22.Rae1 Ndc6 23.d5 Nd8 24.c4 Rc8 25.c5 dxc5 26.Rxe5 Ng6 27.R5e2 Nf7 28.h5 
Nge5 29.bxc5 Ng4 30.c6 bxc6 31.dxc6 Qa5 32.Rd1 Nfe5 33.Rd5 Qc7 34.Nf4 Rb8 
35.Qd1 Rfe8 36.Rd6 Rbd8 37.Red2 Rxd6 38.Rxd6 Rb8 39.Ne6 Qa5 40.c7 Rc8 41.
Rd8 Rxc7 42.Nf8+ Kg8 43.Qd5+ Qxd5 44.Bxd5+ Nf7 45.Ng6+ 1-0

[Event "9th Lost Boys op"]
[Site "Amsterdam NED"]
[Date "2001.08.16"]
[Round "6"]
[White "Haimovich, Tal"]
[Black "Ree, Hans"]
[Result "1-0"]
[WhiteElo "2304"]
[BlackElo "2421"]
[EventDate "2001.08.10"]
[PlyCount "83"]

1.d4 g6 2.c4 Bg7 3.Nc3 d6 4.Nf3 Bg4 5.e3 c5 6.Be2 cxd4 7.exd4 Nh6 8.h3 
Bxf3 9.Bxf3 Nc6 10.Bxh6 Bxh6 11.O-O O-O 12.Re1 Bg7 13.Bxc6 bxc6 14.d5 Rc8 
15.Rc1 cxd5 16.Qxd5 e6 17.Qd3 Qa5 18.Red1 Rc6 19.b3 d5 20.Na4 Rfc8 21.c5 
Qb4 22.Rc2 Rd8 23.Kf1 e5 24.Qd2 Qb5+ 25.Qe2 Qb8 26.Rcd2 d4 27.Qc4 e4 28.
Kg1 Qf4 29.Nc3 Be5 30.g3 Qf3 31.Nd5 Re6 32.Rxd4 e3 33.Nxe3 Rxd4 34.Rxd4 
Bxg3 35.Rd8+ Kg7 36.Qd4+ Be5 37.Qg4 Qf6 38.Rd5 h5 39.Qc4 Qf3 40.c6 Qxh3 
41.Rxe5 Rxe5 42.Qd4 1-0

[Event "9th Lost Boys op"]
[Site "Amsterdam NED"]
[Date "2001.08.16"]
[Round "6"]
[White "Larsen, Karsten"]
[Black "Dutreeuw, Marc"]
[Result "1/2-1/2"]
[WhiteElo "2300"]
[BlackElo "2390"]
[EventDate "2001.08.10"]
[PlyCount "99"]

1.e4 e5 2.Bc4 Nf6 3.d3 Nc6 4.Nf3 Be7 5.O-O O-O 6.Bb3 d6 7.c3 h6 8.Re1 Re8 
9.Nbd2 Bf8 10.h3 g6 11.d4 Bg7 12.Ba4 Bd7 13.d5 Ne7 14.c4 Nh7 15.b4 f5 16.
c5 dxc5 17.Bb3 c4 18.Nxc4 Nc8 19.Bb2 Nd6 20.exf5 Bxf5 21.Ncxe5 Nf8 22.g4 
Be4 23.Rc1 Kh7 24.Qd2 Nd7 25.Qf4 Rf8 26.Rxe4 Rxf4 27.Rxf4 Nxe5 28.Nxe5 Qe7
29.Re1 Rf8 30.Rxf8 Qxf8 31.Bc2 Bxe5 32.Bxe5 Qf3 33.Bxd6 cxd6 34.Re7+ Kg8 
35.Bxg6 Qxh3 36.Bf5 Qa3 37.Be6+ Kf8 38.Rxb7 Qxa2 39.b5 Qa5 40.Kg2 Qa3 41.
f3 Qb2+ 42.Kg3 Qe5+ 43.Kh3 Qe3 44.Rf7+ Ke8 45.Kh4 Qc1 46.Kh3 Qh1+ 47.Kg3 
Qe1+ 48.Kg2 Qe2+ 49.Kg3 Qe1+ 50.Kg2 1/2-1/2

[Event "9th Lost Boys op"]
[Site "Amsterdam NED"]
[Date "2001.08.16"]
[Round "6"]
[White "Schuurman, Petra"]
[Black "Van Beek, Lucien"]
[Result "1/2-1/2"]
[WhiteElo "2235"]
[BlackElo "2369"]
[EventDate "2001.08.10"]
[PlyCount "112"]

1.c4 e6 2.Nf3 Nf6 3.g3 d5 4.b3 c5 5.Bg2 Nc6 6.O-O Be7 7.e3 d4 8.exd4 cxd4 
9.Re1 O-O 10.d3 Nd7 11.Na3 e5 12.Nc2 f6 13.Rb1 a5 14.a3 Nc5 15.b4 axb4 16.
axb4 Na4 17.Bd2 Bf5 18.Bf1 Qd7 19.b5 Nd8 20.Nh4 Bg4 21.Be2 Be6 22.Bf1 g5 
23.Ng2 Bg4 24.f3 Bh5 25.Ra1 Ne6 26.Qe2 Nec5 27.g4 Bg6 28.Nb4 Nc3 29.Bxc3 
dxc3 30.Qc2 Ne6 31.Rxa8 Rxa8 32.Qxc3 Qd4+ 33.Qxd4 Nxd4 34.Nd5 Bc5 35.Kh1 
Nxf3 36.Rd1 Kf7 37.Nge3 h5 38.Bg2 Nh4 39.Be4 hxg4 40.Nxg4 Be7 41.Rf1 Bxe4+
42.dxe4 Ra4 43.Nxe5+ Ke6 44.Ng4 Rxc4 45.Nxe7 Kxe7 46.Nxf6 Rc2 47.Nd5+ Ke6 
48.Ne3 Re2 49.Nf5 Rxe4 50.Nxh4 Rxh4 51.Rg1 Kf5 52.Rf1+ Kg6 53.Rd1 Rb4 54.
Rd6+ Kh5 55.Rb6 Kg4 56.Rxb7 Rb1+ 1/2-1/2

[Event "9th Lost Boys op"]
[Site "Amsterdam NED"]
[Date "2001.08.16"]
[Round "6"]
[White "Giddins, Stephen"]
[Black "Peelen, Piet"]
[Result "1/2-1/2"]
[WhiteElo "2286"]
[BlackElo "2359"]
[EventDate "2001.08.10"]
[PlyCount "29"]

1.Nf3 d5 2.d4 Nf6 3.c4 e6 4.g3 Bb4+ 5.Bd2 Be7 6.Bg2 O-O 7.O-O Nbd7 8.Qc2 
c6 9.Rd1 Ne4 10.Bf4 g5 11.Bc1 f5 12.b3 h5 13.Ba3 Bxa3 14.Nxa3 h4 15.Qc1 
1/2-1/2

[Event "9th Lost Boys op"]
[Site "Amsterdam NED"]
[Date "2001.08.16"]
[Round "6"]
[White "Nemet, Ivan"]
[Black "Helvensteijn, Dennis"]
[Result "1/2-1/2"]
[WhiteElo "2427"]
[BlackElo "2191"]
[EventDate "2001.08.10"]
[PlyCount "66"]

1.d4 d5 2.Nf3 Nc6 3.c4 Bg4 4.cxd5 Bxf3 5.gxf3 Qxd5 6.e3 e5 7.Nc3 Bb4 8.Bd2
Bxc3 9.bxc3 Qd6 10.f4 exf4 11.e4 Nge7 12.Qf3 O-O 13.Qxf4 Rae8 14.Qxd6 cxd6
15.Rb1 f5 16.Rxb7 fxe4 17.Bg5 h6 18.Bh4 Rb8 19.Rxe7 Nxe7 20.Bxe7 Rb1+ 21.
Ke2 Rf3 22.Bxd6 Rb2+ 23.Kd1 Rxc3 24.Be5 Rcc2 25.Rg1 g5 26.Bg2 Rd2+ 27.Kc1 
Rdc2+ 28.Kd1 Re2 29.Re1 Rbd2+ 30.Kc1 Rc2+ 31.Kb1 Rb2+ 32.Kc1 Rec2+ 33.Kd1 
Rd2+ 1/2-1/2

[Event "9th Lost Boys op"]
[Site "Amsterdam NED"]
[Date "2001.08.16"]
[Round "6"]
[White "Mellegers, Joost"]
[Black "Grooten, Herman"]
[Result "0-1"]
[WhiteElo "2308"]
[BlackElo "2374"]
[EventDate "2001.08.10"]
[PlyCount "84"]

1.Nf3 Nf6 2.c4 c5 3.Nc3 b6 4.g3 Bb7 5.Bg2 g6 6.O-O Bg7 7.d4 cxd4 8.Qxd4 d6
9.Rd1 Nbd7 10.Be3 Rc8 11.Rac1 O-O 12.Qh4 Re8 13.b3 a6 14.Bh3 Rb8 15.Nd5 e6
16.Nxf6+ Bxf6 17.Ng5 Nf8 18.Rd3 Qe7 19.Rcd1 Red8 20.f4 Kg7 21.Bxb6 h6 22.
Bxd8 Rxd8 23.Bg2 hxg5 24.fxg5 Bxg5 25.Qd4+ e5 26.Qb6 e4 27.Rc3 Qe5 28.Rc2 
Ba8 29.Kh1 Ne6 30.b4 e3 31.Bxa8 Rxa8 32.Qb7 Rh8 33.Rf1 Bf6 34.Qf3 Nd4 35.
Qxf6+ Qxf6 36.Rxf6 Kxf6 37.Rc3 Re8 38.Rd3 Nxe2 39.Rxd6+ Kf5 40.Kg2 Nf4+ 
41.gxf4 e2 42.Rd5+ Kxf4 0-1

[Event "9th Lost Boys op"]
[Site "Amsterdam NED"]
[Date "2001.08.16"]
[Round "6"]
[White "Day, Lawrence"]
[Black "Gohil, Harry"]
[Result "0-1"]
[WhiteElo "2367"]
[BlackElo "2307"]
[EventDate "2001.08.10"]
[PlyCount "68"]

1.e4 c5 2.f4 Nc6 3.Bb5 Nd4 4.Be2 d5 5.d3 g6 6.c3 Nxe2 7.Qxe2 Bg7 8.Nf3 e6 
9.Be3 b6 10.e5 Ne7 11.Bf2 Qc7 12.Nbd2 Ba6 13.O-O-O c4 14.d4 b5 15.g4 Bc8 
16.Rhg1 b4 17.cxb4 Rb8 18.a3 a5 19.Nb1 axb4 20.axb4 Nc6 21.Be1 Bh6 22.Qe3 
Nxb4 23.Bxb4 Rxb4 24.g5 Bf8 25.h4 Rb3 26.Nc3 Qb6 27.Rg2 Bb4 28.Rc2 Qa5 29.
Kb1 Bd7 30.Nd2 Ke7 31.Nxb3 cxb3 32.Nxd5+ Qxd5 33.Rcc1 Ra8 34.Rc7 Ra1+ 0-1

[Event "9th Lost Boys op"]
[Site "Amsterdam NED"]
[Date "2001.08.16"]
[Round "6"]
[White "Bezemer, Arno"]
[Black "Kohler, Aran"]
[Result "1-0"]
[WhiteElo "2296"]
[BlackElo "2362"]
[EventDate "2001.08.10"]
[PlyCount "115"]

1.e4 g6 2.d4 Bg7 3.Nc3 c6 4.h3 d5 5.Nf3 dxe4 6.Nxe4 Nf6 7.Nxf6+ exf6 8.Bd3
O-O 9.O-O f5 10.c3 Nd7 11.Re1 Qc7 12.Qd2 c5 13.Qf4 Qc6 14.Bd2 b5 15.dxc5 
Nxc5 16.Bf1 Bb7 17.Qb4 a6 18.Be3 Ne4 19.a4 bxa4 20.Qxa4 Qc7 21.Bd4 Bxd4 
22.Qxd4 Rfd8 23.Qe5 Qb6 24.Re2 Rd5 25.Qe7 Ng3 26.Ng5 Nxe2+ 27.Bxe2 Rf8 28.
Nxh7 Kxh7 29.Qxf8 Rd7 30.Ra4 Be4 31.Rb4 Qf6 32.f3 Bb7 33.g3 g5 34.Qc5 Re7 
35.Rb6 Re6 36.Rxe6 Qxe6 37.Kf2 Kg7 38.Bd3 f4 39.Qxg5+ Kf8 40.Qd8+ Kg7 41.
Qd4+ Kg8 42.g4 a5 43.Qxf4 Qb6+ 44.Kg3 Qg1+ 45.Kh4 Qf2+ 46.Kg5 Bxf3 47.Bf5 
Qxb2 48.Qxf3 a4 49.Qa8+ Kg7 50.Qa6 Qd2+ 51.Kh5 a3 52.g5 Qd1+ 53.Bg4 Qc2 
54.Qf6+ Kg8 55.Bf5 Qa4 56.Qd8+ Kg7 57.Qd6 a2 58.Qh6+ 1-0

[Event "9th Lost Boys op"]
[Site "Amsterdam NED"]
[Date "2001.08.16"]
[Round "6"]
[White "Van Kooten, Luuk"]
[Black "Lorscheid, Gerhard"]
[Result "1/2-1/2"]
[WhiteElo "2255"]
[BlackElo "2319"]
[EventDate "2001.08.10"]
[PlyCount "38"]

1.d4 Nf6 2.c4 g6 3.Nc3 Bg7 4.e4 d6 5.Be2 O-O 6.Nf3 c5 7.O-O cxd4 8.Nxd4 
Nc6 9.Be3 Bd7 10.Qd2 Nxd4 11.Bxd4 Bc6 12.f3 a5 13.b3 Nd7 14.Bxg7 Kxg7 15.
f4 f6 16.Kh1 Nc5 17.Bf3 Rc8 18.Rae1 Rc7 19.Rd1 Rd7 1/2-1/2

[Event "9th Lost Boys op"]
[Site "Amsterdam NED"]
[Date "2001.08.16"]
[Round "6"]
[White "Pel, Bonno"]
[Black "Smeets, Jan"]
[Result "0-1"]
[WhiteElo "2191"]
[BlackElo "2311"]
[EventDate "2001.08.10"]
[PlyCount "46"]

1.Nc3 d5 2.e4 d4 3.Nce2 e5 4.Ng3 Be6 5.c3 c5 6.Nf3 f6 7.Bb5+ Nc6 8.Bxc6+ 
bxc6 9.Qa4 Ne7 10.c4 d3 11.O-O Qd7 12.Re1 h5 13.Re3 h4 14.Nf1 Ng6 15.Ne1 
Nf4 16.Nxd3 h3 17.Nxf4 exf4 18.Rc3 hxg2 19.Kxg2 Bh3+ 20.Kg1 Qg4+ 21.Ng3 
Rc8 22.f3 Qg6 23.Kf2 Bd6 0-1

[Event "9th Lost Boys op"]
[Site "Amsterdam NED"]
[Date "2001.08.16"]
[Round "6"]
[White "Wuts, Frank"]
[Black "Van de Vegt, Lenze"]
[Result "1-0"]
[WhiteElo "2315"]
[BlackElo "2167"]
[EventDate "2001.08.10"]
[PlyCount "109"]

1.d4 Nf6 2.c4 e6 3.Nc3 Bb4 4.Qc2 c5 5.dxc5 Na6 6.a3 Bxc3+ 7.Qxc3 Nxc5 8.f3
d6 9.e4 a5 10.Be3 Qc7 11.Ne2 e5 12.Qc2 O-O 13.Nc3 Bd7 14.Bg5 Bc6 15.Rd1 
Ne8 16.Be2 a4 17.O-O h6 18.Be3 Nf6 19.Qd2 Rfd8 20.Qe1 Ne6 21.Qf2 Nd7 22.
Kh1 Ndc5 23.Qg3 Kh8 24.Qh4 Rd7 25.g4 Qd8 26.Qg3 g5 27.Qf2 Qf6 28.Rg1 Nb3 
29.Rg3 Kg7 30.Bf1 Nec5 31.h4 Rh8 32.Rh3 Ne6 33.Rh2 Nf4 34.Be2 Ng6 35.Rg1 
Kf8 36.hxg5 hxg5 37.Rg2 Nh4 38.Rg3 Ke7 39.Rgh3 Rdd8 40.Bxg5 Qxg5 41.Rxh4 
Qc1+ 42.Kg2 Rhf8 43.Bd1 Nc5 44.Qc2 Qe3 45.Qf2 Qc1 46.Qe2 Ne6 47.Kf1 Qf4 
48.Qd2 Qxd2 49.Rxd2 Ra8 50.Kf2 Rh8 51.Rxh8 Rxh8 52.Bxa4 Bxa4 53.Nxa4 Nd4 
54.Kg2 Ke6 55.Nb6 1-0

[Event "9th Lost Boys op"]
[Site "Amsterdam NED"]
[Date "2001.08.16"]
[Round "6"]
[White "Blokhuis, Jeroen"]
[Black "De Jong, Migchiel"]
[Result "0-1"]
[WhiteElo "2341"]
[BlackElo "2273"]
[EventDate "2001.08.10"]
[PlyCount "96"]

1.e4 e6 2.d4 d5 3.e5 c5 4.c3 Qb6 5.Nf3 Bd7 6.Bd3 cxd4 7.Nxd4 Ne7 8.O-O 
Nbc6 9.Nf3 Ng6 10.Qe2 Qc7 11.Re1 Be7 12.b4 a6 13.Bd2 O-O 14.h4 f5 15.h5 
Nh8 16.a3 Nf7 17.Bf4 b5 18.a4 bxa4 19.Bxa6 d4 20.b5 Nb8 21.Nxd4 Nxa6 22.
bxa6 Ng5 23.Bxg5 Bxg5 24.Rxa4 Bxa4 25.Nxe6 Qc6 26.Qa2 Bb3 27.Qxb3 Rfb8 28.
Nd4+ Rxb3 29.Nxc6 Rxa6 30.Nd4 Rb2 31.Nf3 h6 32.e6 Kf8 33.e7+ Bxe7 34.Nbd2 
Raa2 35.Rd1 Bf6 36.Kh2 Bxc3 37.Nc4 Rxf2 38.Nh4 Bf6 39.Ng6+ Kg8 40.Rb1 
Rxg2+ 41.Kh3 Rh2+ 42.Kg3 Rxh5 43.Rb8+ Kf7 44.Nf4 Rg5+ 45.Kf3 Ra6 46.Nb6 
Ra3+ 47.Ke2 Be5 48.Rb7+ Kg8 0-1

[Event "9th Lost Boys op"]
[Site "Amsterdam NED"]
[Date "2001.08.16"]
[Round "6"]
[White "Soderberg, Per"]
[Black "Strating, Sybolt"]
[Result "0-1"]
[WhiteElo "2264"]
[BlackElo "2340"]
[EventDate "2001.08.10"]
[PlyCount "86"]

1.e4 c6 2.d4 d5 3.exd5 cxd5 4.c4 Nf6 5.Nc3 e6 6.Nf3 Bb4 7.cxd5 Nxd5 8.Bd2 
Be7 9.Bd3 Nc6 10.a3 Qb6 11.O-O O-O 12.Na4 Qc7 13.b4 Bf6 14.Rc1 Qd6 15.Qc2 
g6 16.Be3 Bg7 17.Nc5 f5 18.b5 Nxe3 19.fxe3 Ne7 20.Qb3 Bh6 21.Bc4 Nd5 22.
Rce1 b6 23.e4 Nc7 24.e5 Qe7 25.Nd3 Bb7 26.Nb4 Rfd8 27.Rd1 Nd5 28.Nxd5 Bxd5
29.Bxd5 Rxd5 30.Rd3 Rc8 31.Rfd1 Qc7 32.a4 Qc4 33.g3 Qxb3 34.Rxb3 Rc4 35.
Ra1 g5 36.a5 bxa5 37.Rxa5 g4 38.Rxa7 gxf3 39.Ra8+ Kg7 40.b6 Rdxd4 41.b7 
Rc1+ 42.Kf2 Rd2+ 43.Kxf3 Rf1# 0-1

[Event "9th Lost Boys op"]
[Site "Amsterdam NED"]
[Date "2001.08.16"]
[Round "6"]
[White "Erwich, Marc"]
[Black "Van Delft, Merijn"]
[Result "0-1"]
[WhiteElo "2263"]
[BlackElo "2336"]
[EventDate "2001.08.10"]
[PlyCount "52"]

1.e4 c5 2.Nf3 d6 3.d4 cxd4 4.Nxd4 Nf6 5.Nc3 Nc6 6.Be2 g6 7.O-O Bg7 8.Be3 
O-O 9.Kh1 d5 10.Nxc6 bxc6 11.e5 Ne4 12.Nxe4 dxe4 13.Qxd8 Rxd8 14.Rfd1 Be6 
15.Bd4 f5 16.f4 exf3 17.gxf3 Kf7 18.f4 Bh6 19.Be3 Bd5+ 20.Kg1 g5 21.c4 Be4
22.Rxd8 Rxd8 23.Bxa7 gxf4 24.Bf1 Bg7 25.b4 Bxe5 26.Re1 Bc3 0-1

[Event "9th Lost Boys op"]
[Site "Amsterdam NED"]
[Date "2001.08.16"]
[Round "6"]
[White "Konings, Leon"]
[Black "Vogt, Andreas"]
[Result "0-1"]
[WhiteElo "2293"]
[BlackElo "2250"]
[EventDate "2001.08.10"]
[PlyCount "70"]

1.d4 d5 2.c4 e6 3.cxd5 exd5 4.Nc3 c6 5.Bf4 Bf5 6.e3 Bd6 7.Nge2 Ne7 8.Bxd6 
Qxd6 9.Ng3 Bg6 10.h4 h6 11.h5 Bh7 12.Bd3 O-O 13.a3 Nd7 14.Bxh7+ Kxh7 15.b4
Nb6 16.b5 Nc4 17.bxc6 bxc6 18.Na4 Kg8 19.Nc5 Nxe3 20.fxe3 Qxg3+ 21.Kd2 Nf5
22.Qf3 Qg5 23.Kd3 Rfe8 24.Rae1 Ng3 25.Rh3 Ne4 26.Rc1 Rab8 27.Rc2 Qd8 28.
Qf4 Qa5 29.Ke2 Rb1 30.Nxe4 dxe4 31.Qh4 Re6 32.Rh1 Qb5+ 33.Kf2 Rxh1 34.Qxh1
Rf6+ 35.Kg3 Qg5+ 0-1

[Event "9th Lost Boys op"]
[Site "Amsterdam NED"]
[Date "2001.08.16"]
[Round "6"]
[White "Marechal, Andy"]
[Black "Vedder, Richard"]
[Result "1/2-1/2"]
[WhiteElo "2371"]
[BlackElo "2220"]
[EventDate "2001.08.10"]
[PlyCount "51"]

1.e4 e6 2.d4 d5 3.Nd2 Nf6 4.e5 Nfd7 5.c3 c5 6.f4 Nc6 7.Ndf3 Qb6 8.h4 cxd4 
9.cxd4 Bb4+ 10.Kf2 f6 11.Be3 O-O 12.Ne2 a5 13.a3 Be7 14.Qd2 a4 15.Rd1 Qd8 
16.Nc3 Nb6 17.h5 Na5 18.Qc2 Bd7 19.h6 g6 20.exf6 Bxf6 21.Bd3 Be8 22.Rhe1 
Nbc4 23.Kg3 Nxe3 24.Rxe3 Qd6 25.Ne5 Nb3 26.Be2 1/2-1/2

[Event "9th Lost Boys op"]
[Site "Amsterdam NED"]
[Date "2001.08.16"]
[Round "6"]
[White "Hopman, Pieter"]
[Black "Roebers, Jan"]
[Result "1-0"]
[WhiteElo "2215"]
[BlackElo "2303"]
[EventDate "2001.08.10"]
[PlyCount "78"]

1.e4 e5 2.Nf3 Nc6 3.d3 Nf6 4.Nbd2 Be7 5.c3 O-O 6.b4 a6 7.a3 h6 8.Be2 Nh5 
9.g3 d6 10.h3 Re8 11.Nf1 Nf6 12.g4 Nh7 13.Ng3 Ng5 14.Nf5 Bf6 15.Nxg5 hxg5 
16.Qd2 Bxf5 17.gxf5 d5 18.Rg1 b5 19.Qc2 a5 20.Rb1 axb4 21.axb4 Qd6 22.Qb3 
d4 23.c4 Ra4 24.c5 Qe7 25.Bd2 Rea8 26.Kf1 Ra3 27.Qc2 Ra2 28.Rb2 Ra1+ 29.
Kg2 g4 30.Bxg4 Bg5 31.Rxa1 Rxa1 32.Ra2 Rxa2 33.Qxa2 Bxd2 34.Qxd2 Qd8 35.
Bd1 Qh4 36.Bg4 Kh7 37.Qa2 Nxb4 38.Qb3 Nc6 39.Qxf7 b4 1-0

[Event "9th Lost Boys op"]
[Site "Amsterdam NED"]
[Date "2001.08.16"]
[Round "6"]
[White "Delafargue, Bertrand"]
[Black "Cruz-Lopez Claret, Carlos"]
[Result "1/2-1/2"]
[WhiteElo "2150"]
[BlackElo "2297"]
[EventDate "2001.08.10"]
[PlyCount "30"]

1.e4 e5 2.Nf3 Nc6 3.Bb5 a6 4.Ba4 Nf6 5.O-O Nxe4 6.d4 b5 7.Bb3 d5 8.dxe5 
Be6 9.Qe2 Be7 10.Rd1 O-O 11.c4 bxc4 12.Bxc4 Qd7 13.Nc3 Nxc3 14.bxc3 f6 15.
exf6 Bxf6 1/2-1/2

[Event "9th Lost Boys op"]
[Site "Amsterdam NED"]
[Date "2001.08.16"]
[Round "6"]
[White "Wunnink, Michael"]
[Black "Tan, Kevin"]
[Result "1/2-1/2"]
[WhiteElo "2215"]
[BlackElo "2184"]
[EventDate "2001.08.10"]
[PlyCount "110"]

1.d4 Nf6 2.c4 g6 3.Nc3 Bg7 4.e4 d6 5.Nf3 O-O 6.Be2 e5 7.O-O Nbd7 8.Re1 c6 
9.Bf1 Qe7 10.Rb1 h6 11.b3 Nh7 12.Ba3 Ng5 13.dxe5 Nxf3+ 14.Qxf3 Bxe5 15.
Rbd1 Rd8 16.Ne2 Nf6 17.g3 g5 18.Qd3 Bg4 19.h3 Bh5 20.Qe3 Ne8 21.f4 gxf4 
22.gxf4 Bg7 23.Rd3 Bxe2 24.Rxe2 Qe6 25.Rg2 Kh7 26.Rdd2 c5 27.Qg3 Rd7 28.
Bb2 f5 29.exf5 Qf7 30.Qg6+ Qxg6 31.fxg6+ Kg8 32.Be2 Bxb2 33.Rxb2 Nf6 34.
Bf3 Re8 35.Rbd2 Kg7 36.Rd3 Ree7 37.h4 Re8 38.h5 Rf8 39.Kh2 Ng8 40.Kg3 Ne7 
41.Bg4 Rdd8 42.Re2 Ng8 43.Re6 Rf6 44.f5 b6 45.Kf4 Rxe6 46.fxe6 Nf6 47.Bf3 
Ng8 48.Bc6 Kf6 49.Bd7 Ke7 50.Rd5 Rf8+ 51.Rf5 Nf6 52.Ke3 Ng4+ 53.Kf4 Nf6 
54.Kg3 Ne4+ 55.Kf4 Nf6 1/2-1/2

[Event "9th Lost Boys op"]
[Site "Amsterdam NED"]
[Date "2001.08.17"]
[Round "7"]
[White "Sutovsky, Emil"]
[Black "Nijboer, Friso"]
[Result "1/2-1/2"]
[WhiteElo "2651"]
[BlackElo "2551"]
[EventDate "2001.08.10"]
[PlyCount "147"]

1.e4 c5 2.Nf3 Nc6 3.Bb5 e6 4.O-O Nge7 5.Nc3 Ng6 6.d4 cxd4 7.Nxd4 Be7 8.Be3
O-O 9.f4 Nxd4 10.Qxd4 d6 11.Rad1 Qc7 12.Be2 Bd7 13.g3 Rfd8 14.h4 Be8 15.h5
Bf6 16.Qd3 Ne7 17.Nb5 Bxb5 18.Qxb5 Qxc2 19.Bf3 Qxb2 20.Qxb2 Bxb2 21.Rb1 
Ba3 22.Rxb7 d5 23.Rd1 dxe4 24.Rxd8+ Rxd8 25.Bxe4 a5 26.Rb3 Bb4 27.a3 Bd6 
28.Rd3 f5 29.Bf3 Bc7 30.Rb3 Nd5 31.Ba7 Nf6 32.Be2 Ne4 33.Rb7 Bd6 34.Bc4 
Bxa3 35.Bxe6+ Kh8 36.Kg2 Bc5 37.h6 gxh6 38.Bxf5 Nd6 39.Rxh7+ Kg8 40.Bc2 
Bxa7 41.Rxa7 Rb8 42.Bh7+ Kh8 43.Bg6 Rb7 44.Ra6 Rd7 45.Bc2 Kg7 46.Ba4 Rd8 
47.Ra7+ Kf6 48.Kh3 Nf5 49.Rxa5 Rd2 50.Ra6+ Rd6 51.Ra8 Rd4 52.Bc2 Ne3 53.
Ra6+ Kg7 54.Ra7+ Kf6 55.Ra6+ Kg7 56.Ra7+ Kf6 57.Bb1 Rb4 58.Ba2 Rb2 59.Bf7 
Rb1 60.g4 Rh1+ 61.Kg3 Rg1+ 62.Kf3 Nxg4 63.Bh5 Nh2+ 64.Kf2 Rg8 65.Ra5 Rg7 
66.Ra8 Kf5 67.Rf8+ Ke4 68.f5 Rg5 69.f6 Rxh5 70.f7 Rf5+ 71.Kg2 Kf4 72.Kxh2 
Rf6 73.Kh3 Kf5 74.Kh4 1/2-1/2

[Event "9th Lost Boys op"]
[Site "Amsterdam NED"]
[Date "2001.08.17"]
[Round "7"]
[White "Arakhamia-Grant, Ketevan"]
[Black "Sokolov, Ivan"]
[Result "1/2-1/2"]
[WhiteElo "2446"]
[BlackElo "2659"]
[EventDate "2001.08.10"]
[PlyCount "147"]

1.e4 e5 2.Nf3 Nc6 3.Bb5 a6 4.Ba4 Nf6 5.d3 Bc5 6.O-O b5 7.Bb3 d6 8.Bg5 h6 
9.Bh4 g5 10.Bg3 Na5 11.d4 Nxb3 12.axb3 exd4 13.Nxd4 h5 14.e5 h4 15.exf6 
Qxf6 16.c3 Bb7 17.Qg4 hxg3 18.fxg3 Qh6 19.h3 Qh5 20.Qxh5 Rxh5 21.Nd2 g4 
22.hxg4 Re5 23.Nf3 O-O-O 24.b4 Bb6 25.Rfe1 Re6 26.Kf1 Rg6 27.g5 Rh8 28.Ke2
f6 29.Nf5 Kb8 30.N5h4 Bxf3+ 31.Nxf3 Kb7 32.gxf6 Rxg3 33.Rf1 Rxg2+ 34.Kd3 
Rf8 35.Nd2 Rg6 36.Ne4 d5 37.Nc5+ Bxc5 38.bxc5 Rgxf6 39.Rxf6 Rxf6 40.Kd4 
Rf2 41.b4 Rd2+ 42.Ke3 Rh2 43.Kd4 c6 44.Rg1 Rh7 45.Rg8 Kc7 46.Ra8 Rh4+ 47.
Kd3 Kb7 48.Rg8 a5 49.Rg7+ Ka6 50.Rg6 axb4 51.cxb4 Rxb4 52.Rxc6+ Ka5 53.Rd6
Rc4 54.Rxd5 Kb4 55.Rh5 Rc1 56.Kd2 Rc3 57.Re5 Rc4 58.Kd3 Kb3 59.c6 b4 60.
Re6 Rc1 61.Kd4 Ka4 62.Kd5 Kb5 63.Rh6 Rc2 64.Rg6 Rd2+ 65.Ke5 Rc2 66.Kd5 b3 
67.Rg3 Rd2+ 68.Ke4 b2 69.Rb3+ Kxc6 70.Ke3 Rh2 71.Kd4 Rh4+ 72.Kc3 Rh3+ 73.
Kxb2 Rxb3+ 74.Kxb3 1/2-1/2